Письма Веснич М. /сербский посол во Франции/ Шиллингу М. Ф. /С приложением черновика письма Шиллинга/ /на франц. яз./

Доступно только в Электронных читальных залах Найти на картеНа карте
RUSMARC
00004679nac2a22003253x 450
001ae122f3e-f656-4081-956a-be09a1943029
00520211213222659.0
100##$a20211120l19131914k y0rusy50 ca
1010#$afre
102##$aRU
105##$ay z |||e|
1222#$ad19131231
$ad19141231
2001#$aПисьма Веснич М. /сербский посол во Франции/ Шиллингу М. Ф. /С приложением черновика письма Шиллинга/ /на франц. яз./
$j1913-1914
215##$a10 листов
251##$cДело
300##$aЗаголовок дела на папке: Письма Веснича М. Р. - сербский посол во Франции - Шиллингу М. Ф. (с приложением черновика письма Шиллинга)
300##$aТекст на французском языке
300##$aНа папке дела: 7-20/6-1913 - 7-20/12-1914
300##$aВ деле имеются документы без дат
300##$aЛисты: 1 - конверт с маркой; 6, 9 - конверты
300##$aРукописный текст
330##$aВходит в раздел описи: 3. Документы о научной и литературной деятельности барона Шиллинга М. Ф.. Письма разных лиц Шиллингу М. Ф.
461#0$1001ff9fc58f-089b-437b-980d-902343bc59d8
$12001
$aШиллинг Маврикий Фабианович, барон, секретарь русского посольства в Вене
$1251
$cФонд
$1852
$j813
462#0$1001665c067c-d934-4316-b9df-5bf0ad49190b
$12001
$aДела постоянного хранения. 1817-1917
$vД. 195
$1251
$cОпись
$1852
$j1
5171#$aПисьма Веснича М. Р. - сербский посол во Франции - Шиллингу М. Ф. (с приложением черновика письма Шиллинга)
600#1$aШиллинг
$bМ. Ф.
$cбарон
$gМаврикий Фабианович
600#1$aВеснич
$bМ. Р.
801#0$aRU
$bGA_RF
801#1$aRU
$bГлавНИВЦ
$c20211120
$2rusmarc
801#2$aRU
$bПБ им. Б.Н. Ельцина
$c20211213
$gRCR
$2rusmarc
852##$aГА РФ
$j195
937##$d171554643
$hГАРФ
035##$aRuPRLIB51061030
856##$uhttp://readingroom.main.prlib.ru/item.aspx?id_node=n171554643&mode=full
Формат отображения